Disciplinary unemployment as a public good, or the importance of the committee to manage the common affairs of the whole (Record no. 68275)

000 -LEADER
fixed length control field 00475pab a2200157 454500
008 - FIXED-LENGTH DATA ELEMENTS--GENERAL INFORMATION
fixed length control field 180718b2005 xxu||||| |||| 00| 0 eng d
100 ## - MAIN ENTRY--PERSONAL NAME
Personal name Ash, Michael
245 ## - TITLE STATEMENT
Title Disciplinary unemployment as a public good, or the importance of the committee to manage the common affairs of the whole
260 ## - PUBLICATION, DISTRIBUTION, ETC.
Date of publication, distribution, etc. 2005
300 ## - PHYSICAL DESCRIPTION
Extent p.471-75.
362 ## - DATES OF PUBLICATION AND/OR SEQUENTIAL DESIGNATION
Dates of publication and/or sequential designation Fall
650 ## - SUBJECT ADDED ENTRY--TOPICAL TERM
Topical term or geographic name entry element Labour force
650 ## - SUBJECT ADDED ENTRY--TOPICAL TERM
Topical term or geographic name entry element Unemployment
773 ## - HOST ITEM ENTRY
Main entry heading Review of Radical Political Economics
909 ## -
-- 68275
Holdings
Withdrawn status Lost status Damaged status Not for loan Permanent Location Current Location Date acquired Serial Enumeration / chronology Barcode Date last seen Price effective from Koha item type
        Indian Institute of Public Administration Indian Institute of Public Administration 2018-07-19 Volume no: 37, Issue no: 4 AR68731 2018-07-19 2018-07-19 Articles

Powered by Koha